| 000 | 01498njm a2200349 c 4500 | ||
|---|---|---|---|
| 003 | BLK | ||
| 005 | 20241004101643.0 | ||
| 008 | 180410b bul||n||s|||||||| n|bulo| | ||
| 010 | _aCDD00000884000 | ||
| 020 |
_a978-3-86562-606-6 _bиздат.: Schallplatten, Produktion und Vertrieb |
||
| 040 | _aBLK | ||
| 041 |
_aDEU _cDEU |
||
| 080 |
_aОпера. Музикална драма. Романтична опера. Опера-приказка _b782.1 _x _z782.1 |
||
| 100 | 1 |
_aЩраус, Рихард _d1864 - 1949 _9144682 |
|
| 700 | 1 |
_aStrauss, Richard _925540 |
|
| 139 |
_aRichard Strauss [CD аудио] _bЩ 54 |
||
| 245 | 1 | 0 |
_aRichard Strauss [CD аудио] _b10 CD Set _cРихард Щраус; * Richard Strauss. _nCD 6 |
| 257 | _aDEU | ||
| 260 |
_аHannover _bSchallplatten, Produktion und Vertrieb _c2006 |
||
| 300 |
_c12 cm _fбр. в к-т _g10 CD |
||
| 380 | _a7 | ||
| 505 |
_gKomodie fur Musik in drei Aufzugen von Hugo von Hofmannstahl : 1. Aufzug оп.59 _rсопран Viorica Ursuleac; бас Ludwig Weber; изп. Chor der Bayerischen Staatsoper; изп. Bayerisches Staatsorchester; диригент Clemens Krauss. _tDer Rosenkavalier |
||
| 650 | 4 |
_aОпери _9165041 |
|
| 653 | _aопери | ||
| 760 | 1 |
_aЩраус, Рихард _h74мин. 1сек. _tCD 6 |
|
| 852 |
_aЦб CD 2444 _p1 |
||
| 856 | 4 |
_qpdf _u |
|
| 856 | 4 |
_qpdf _u |
|
| 942 |
_cCDD _n0 |
||
| 944 |
_aCR _c05.01.2010 _k30560 _lГеновева Генчева |
||
| 944 |
_aED _c10.09.2010 _k |
||
| 999 |
_c217772 _d217772 |
||